00975cam a2200253 i 450000100060000000300080000600500170001400800390003102000150007003500190008504000320010404100080013608200290014424501000017326000460027330000380031950001530035750400410051065000370055165000380058870000350062670000210066171000390068215756BD-RjUL20211208235900.0140210t1979 coua b 000 0 eng a0891583971 a(BD-RjUL)15811 aDLCcDLCdDLCdBD-RjULbeng aeng00a658.809507bMAR 197922300aMarketing scientific and technical information /cedited by William R. King and Gerald Zaltman. aBoulder, Colo. :bWestview Press,cc1979. axiii, 234 p. :bdiagrs. ;c24 cm. aPapers presented at a conference sponsored by the National Science Foundation and held at the Graduate School of Business, University of Pittsburgh. aIncludes bibliographical references. 0aTechnical literaturexMarketing. 0aScientific literaturexMarketing.1 aKing, William Richard,d1938- 1 aZaltman, Gerald.2 aNational Science Foundation (U.S.)